[Event "ARG-ch U18"]
[Site "Ibague"]
[Date "2024.03.16"]
[Round "4"]
[White "Sanchez Aragon, Michael Alejandro"]
[Black "Diaz Uchima, Emmanuel Santiago"]
[Result "1-0"]
[WhiteElo "1668"]
[BlackElo "1536"]
[PlyCount "60"]
[EventDate "2024.03.14"]
[EventType "swiss"]
[EventRounds "7"]
[EventCountry "COL"]
[SourceTitle "CB12_2024"]
[SourceDate "2023.10.01"]
[SourceVersion "1"]
[SourceVersionDate "2023.10.01"]
[SourceQuality "1"]

1. e4 c6 2. d4 d5 3. Nc3 dxe4 4. Nxe4 Nf6 5. Nxf6+ exf6 6. Nf3 Bd6 7. Be2 0-0 8. 0-0 Bg4 9. Qd3 Qd7 10. c4 Qf5 11. Qxf5 Bxf5 12. Be3 Nd7 13. c5 Bc7 14. b4 a6 15. a4 b5 16. cxb6 Nxb6 17. b5 cxb5 18. axb5 axb5 19. Bxb5 Bd7 20. Bxd7 Nxd7 21. d5 Ne5 22. Nxe5 fxe5 23. Bc5 Rfd8 24. d6 Ba5 25. Rfb1 Bc3 26. Rxa8 Rxa8 27. d7 Ba5 28. Be7 Bd8 29. Rc1 Ra7 30. Bxd8 Rxd7 1-0

[Event "ARG-ch U18"]
[Site "Ibague"]
[Date "2024.03.15"]
[Round "3"]
[White "Rincon Acosta, Danny Edicson"]
[Black "Sanchez Aragon, Michael Alejandro"]
[Result "1/2-1/2"]
[WhiteElo "1617"]
[BlackElo "1668"]
[PlyCount "110"]
[EventDate "2024.03.14"]
[EventType "swiss"]
[EventRounds "7"]
[EventCountry "COL"]
[SourceTitle "CB12_2024"]
[SourceDate "2023.10.01"]
[SourceVersion "1"]
[SourceVersionDate "2023.10.01"]
[SourceQuality "1"]

1. e4 e6 2. d4 d5 3. e5 c5 4. c3 Nc6 5. Nf3 Bd7 6. dxc5 Bxc5 7. Bd3 Nge7 8. 0-0 Ng6 9. Re1 Qc7 10. b4 Bb6 11. a4 a5 12. b5 Nce7 13. Ba3 0-0 14. h4 Bc5 15. Qd2 Bxa3 16. Nxa3 f6 17. exf6 Rxf6 18. c4 Qf4 19. Qxf4 Nxf4 20. Bf1 Nh3+ 21. gxh3 Rxf3 22. Bg2 Rf4 23. cxd5 Nxd5 24. Re4 Raf8 25. Nc4 Rxf2 26. Nxa5 b6 27. Nc4 Rc2 28. Ne3 Nxe3 29. Rxe3 Rff2 30. Bf1 Rfd2 31. a5 bxa5 32. Rxa5 Ra2 33. Rea3 Rxa3 34. Rxa3 Rd1 35. Rb3 Bc8 36. b6 Bb7 37. Kf2 Kf7 38. Be2 Rd4 39. Bf3 Rd7 40. Rc3 Ke7 41. Be2 Kd8 42. Bg4 Bd5 43. Ra3 Rb7 44. Ra7 Rxa7 45. bxa7 e5 46. Ke3 Kc7 47. Bf3 Bxf3 48. Kxf3 Kb7 49. Ke4 Kxa7 50. Kxe5 Kb7 51. Ke6 Kc7 52. Kf7 Kd7 53. h5 h6 54. Kf8 Ke6 55. Kxg7 Ke7 1/2-1/2

[Event "ARG-ch U18"]
[Site "Ibague"]
[Date "2024.03.15"]
[Round "2"]
[White "Sanchez Aragon, Michael Alejandro"]
[Black "Alcala Leon, Daniel Alejandro"]
[Result "0-1"]
[WhiteElo "1668"]
[BlackElo "1830"]
[PlyCount "62"]
[EventDate "2024.03.14"]
[EventType "swiss"]
[EventRounds "7"]
[EventCountry "COL"]
[SourceTitle "CB12_2024"]
[SourceDate "2023.10.01"]
[SourceVersion "1"]
[SourceVersionDate "2023.10.01"]
[SourceQuality "1"]

1. e4 e5 2. Nf3 Nf6 3. d4 Nxe4 4. dxe5 Bc5 5. Be3 Bxe3 6. fxe3 Nc6 7. Qd5 Ng5 8. Bc4 Nb4 9. Qd2 Nxf3+ 10. gxf3 Qh4+ 11. Kd1 Qxc4 12. b3 Qd5 13. Qxd5 Nxd5 14. Kd2 0-0 15. f4 f6 16. c4 Ne7 17. exf6 Rxf6 18. Nc3 c6 19. Rhg1 d5 20. c5 Rh6 21. Rg2 Bh3 22. Rg5 Bf5 23. Rag1 Rxh2+ 24. Ne2 g6 25. Ke1 Kf7 26. R1g3 Bd7 27. Rg2 Rxg2 28. Rxg2 Nf5 29. Rh2 h5 30. Kd2 Re8 31. Rh3 Nd6 0-1

[Event "Rivera Huila Hernandez Memorial-B"]
[Site "Rivera Huila"]
[Date "2023.07.22"]
[Round "4"]
[White "Campos Guatavita, Daniel Felipe"]
[Black "Sanchez Aragon, Michael Alejandro"]
[Result "0-1"]
[WhiteElo "1300"]
[BlackElo "1452"]
[PlyCount "71"]
[EventDate "2023.07.20"]
[EventType "swiss"]
[EventRounds "7"]
[EventCountry "COL"]
[SourceTitle "CBM 215 Extra"]
[Source "ChessBase"]
[SourceDate "2023.09.30"]
[SourceVersion "1"]
[SourceVersionDate "2023.09.30"]
[SourceQuality "1"]

1. e4 e5 2. Nf3 Nf6 3. d4 exd4 4. e5 Qe7 5. Qe2 Nd5 6. Nxd4 d6 7. exd6 Qxe2+ 8. Bxe2 Bxd6 9. Nb5 0-0 10. Nxd6 cxd6 11. 0-0 Re8 12. Bb5 Bd7 13. Bxd7 Nxd7 14. Na3 a6 15. Rd1 b5 16. Bg5 N5f6 17. Rxd6 b4 18. Nc4 Rac8 19. b3 Re6 20. Rad1 Ne4 21. Rxd7 Nxg5 22. Rd8+ Re8 23. R8d5 Ne4 24. R5d3 Nc3 25. Ra1 Red8 26. Rxd8+ Rxd8 27. Kf1 Rd1+ 28. Rxd1 Nxd1 29. a3 bxa3 30. Nxa3 Kf8 31. Nb1 Ke7 32. Ke2 Nb2 33. Kd2 a5 34. Kc1 a4 35. Kxb2 axb3 36. cxb3 0-1

[Event "COL-ch U1700"]
[Site "Pereira"]
[Date "2022.02.18"]
[Round "5"]
[White "Sanchez Aragon, Michael Alejandro"]
[Black "Herrera Nopan, Fabian"]
[Result "0-1"]
[WhiteElo "1387"]
[BlackElo "1663"]
[PlyCount "66"]
[EventDate "2022.02.16"]
[EventType "swiss"]
[EventRounds "9"]
[EventCountry "COL"]
[SourceTitle "CBM 207 Extra"]
[Source "ChessBase"]
[SourceDate "2022.05.31"]
[SourceVersion "1"]
[SourceVersionDate "2022.05.31"]
[SourceQuality "1"]

1. e4 e5 2. Nf3 Nc6 3. Bc4 Nf6 4. d4 Na5 5. dxe5 Nxc4 6. exf6 Qxf6 7. Qd4 Qxd4 8. Nxd4 a6 9. b3 Nb6 10. Bb2 d6 11. Nd2 Bd7 12. 0-0-0 f6 13. f4 0-0-0 14. N4f3 Be7 15. Ba3 c5 16. c4 Bc6 17. Rhe1 g5 18. fxg5 fxg5 19. Nf1 g4 20. N3d2 Nd7 21. Ng3 Ne5 22. Kc2 Bh4 23. Bb2 Bxg3 24. hxg3 Rdf8 25. Rf1 Rhg8 26. Rf4 Ng6 27. Rxg4 h6 28. Rh1 Bd7 29. Rxg6 Rxg6 30. Rf1 Rxf1 31. Nxf1 Bc6 32. e5 Bxg2 33. Ne3 Rxg3 0-1

[Event "Ibague op"]
[Site "Ibague"]
[Date "2021.10.20"]
[Round "1"]
[White "Sanchez Aragon, Michael Alejandro"]
[Black "Ordonez Gonzalez, Gabriel"]
[Result "0-1"]
[WhiteElo "1288"]
[BlackElo "1971"]
[PlyCount "54"]
[EventDate "2021.10.20"]
[EventType "swiss"]
[EventRounds "9"]
[EventCountry "COL"]
[SourceTitle "CBM 204 Extra"]
[Source "ChessBase"]
[SourceDate "2021.11.30"]
[SourceVersion "1"]
[SourceVersionDate "2021.11.30"]
[SourceQuality "1"]

1. e4 c5 2. Nf3 g6 3. d4 Bg7 4. c3 Qc7 5. Bc4 e6 6. 0-0 a6 7. a4 b6 8. Be3 Nf6 9. Qc2 0-0 10. Na3 Bb7 11. Nd2 Ng4 12. g3 Nxe3 13. fxe3 d6 14. dxc5 dxc5 15. Rad1 Rd8 16. Be2 h5 17. Bf3 Nc6 18. Ndc4 Ne5 19. Nxe5 Qxe5 20. Rd2 Bc6 21. Rfd1 Qc7 22. Nc4 b5 23. axb5 axb5 24. Na3 Bh6 25. Re2 Rxd1+ 26. Qxd1 Rd8 27. Qe1 Qe5 0-1

[Event "COL-ch Amateur U1700"]
[Site "Paipa"]
[Date "2020.02.27"]
[Round "2"]
[White "Reyes Aristizabal, Andres"]
[Black "Sanchez Aragon, Michael Alejandro"]
[Result "1-0"]
[WhiteElo "1577"]
[BlackElo "1021"]
[PlyCount "59"]
[EventDate "2020.02.26"]
[EventType "swiss"]
[EventRounds "9"]
[EventCountry "COL"]
[SourceTitle "EXT 2021"]
[Source "ChessBase"]
[SourceDate "2020.10.23"]
[SourceVersion "1"]
[SourceVersionDate "2020.10.23"]
[SourceQuality "1"]

1. e4 e5 2. f4 d6 3. Nf3 Nc6 4. Bc4 exf4 5. d3 Bg4 6. Bxf4 Qf6 7. Bc1 Bxf3 8. gxf3 Qh4+ 9. Kf1 Nd4 10. c3 Qh3+ 11. Kf2 Ne6 12. Bxe6 fxe6 13. Bf4 Be7 14. Na3 0-0-0 15. Qf1 Qxf1+ 16. Raxf1 Rf8 17. Be3 Bh4+ 18. Ke2 d5 19. Nb5 a6 20. Nd4 Kd7 21. Rhg1 g6 22. Rg4 Bf6 23. Nb3 Ne7 24. Nc5+ Kd6 25. Nxb7+ Kc6 26. Nc5 Rb8 27. Nb3 a5 28. Nxa5+ Kd6 29. Nb3 Ra8 30. Bc5+ 1-0

[Event "COL-ch Amateur U1700"]
[Site "Paipa"]
[Date "2020.02.27"]
[Round "3"]
[White "Sanchez Aragon, Michael Alejandro"]
[Black "Ortega Leon, Jaime"]
[Result "0-1"]
[WhiteElo "1021"]
[BlackElo "1574"]
[PlyCount "74"]
[EventDate "2020.02.26"]
[EventType "swiss"]
[EventRounds "9"]
[EventCountry "COL"]
[SourceTitle "EXT 2021"]
[Source "ChessBase"]
[SourceDate "2020.10.23"]
[SourceVersion "1"]
[SourceVersionDate "2020.10.23"]
[SourceQuality "1"]

1. e4 e6 2. d4 d5 3. Nc3 Nc6 4. Bb5 Qd7 5. Nf3 f6 6. 0-0 b6 7. Re1 Nge7 8. e5 f5 9. Ng5 h6 10. Bxc6 Qxc6 11. Nf3 Bb7 12. Qd3 0-0-0 13. a3 Kb8 14. Na2 Nc8 15. Nb4 Qe8 16. Na6+ Bxa6 17. Qxa6 Qc6 18. Qd3 g5 19. h3 Be7 20. c3 Rdg8 21. Nh2 h5 22. Re3 Rg7 23. Rg3 Rhg8 24. Kf1 h4 25. Re3 g4 26. hxg4 fxg4 27. g3 h3 28. f3 gxf3 29. Rxf3 Rf8 30. Bh6 Rxf3+ 31. Qxf3 Rg8 32. Bf4 Qb5+ 33. Qe2 Qe8 34. b4 Qf7 35. Qf2 Qh7 36. Qe3 Qc2 37. Rc1 Qxh2 0-1

[Event "COL-ch U20"]
[Site "Tolima"]
[Date "2020.02.15"]
[Round "7"]
[White "Molina Rojas, Andrey Felipe"]
[Black "Sanchez Aragon, Michael Alejandro"]
[Result "1-0"]
[WhiteElo "1146"]
[BlackElo "1021"]
[PlyCount "35"]
[EventDate "2020.02.12"]
[EventType "swiss"]
[EventRounds "7"]
[EventCountry "COL"]
[SourceTitle "CBM 195 Extra"]
[Source "ChessBase"]
[SourceDate "2020.05.31"]
[SourceVersion "1"]
[SourceVersionDate "2020.05.31"]
[SourceQuality "1"]

1. e4 e5 2. Nf3 Nc6 3. d4 exd4 4. Nxd4 Nxd4 5. Qxd4 Qe7 6. Nc3 Qc5 7. Be3 Qxd4 8. Bxd4 f6 9. Nb5 Kd8 10. e5 c6 11. Nd6 Bxd6 12. exd6 Nh6 13. 0-0-0 Nf5 14. Bc3 Re8 15. g4 Nh4 16. g5 Rf8 17. Bc4 b5 18. Ba5+ 1-0

[Event "COL-ch U20"]
[Site "Tolima"]
[Date "2020.02.13"]
[Round "3"]
[White "Sanchez Aragon, Michael Alejandro"]
[Black "Vargas Diaz, Juan David"]
[Result "1-0"]
[WhiteElo "1021"]
[BlackElo "1246"]
[PlyCount "93"]
[EventDate "2020.02.12"]
[EventType "swiss"]
[EventRounds "7"]
[EventCountry "COL"]
[SourceTitle "CBM 195 Extra"]
[Source "ChessBase"]
[SourceDate "2020.05.31"]
[SourceVersion "1"]
[SourceVersionDate "2020.05.31"]
[SourceQuality "1"]

1. e4 e5 2. Nf3 Nc6 3. Bc4 Nf6 4. d3 d5 5. exd5 Nxd5 6. Bxd5 Qxd5 7. Nc3 Bb4 8. Bd2 Bxc3 9. Bxc3 Bg4 10. 0-0 0-0-0 11. Re1 Rhe8 12. Re4 f5 13. Re3 e4 14. h3 Bh5 15. Qe1 Bxf3 16. gxf3 Nd4 17. Bxd4 Qxd4 18. c3 Qf6 19. fxe4 fxe4 20. Rxe4 Qg6+ 21. Kf1 Rxe4 22. Qxe4 Qxe4 23. dxe4 Re8 24. Re1 Re5 25. Kg2 g5 26. Kf3 h5 27. Kg3 Kd7 28. f4 gxf4+ 29. Kxf4 Ke6 30. Rg1 Rb5 31. b3 c5 32. Rg5 a5 33. c4 Rb4 34. Rxc5 a4 35. Rb5 Rxb5 36. cxb5 axb3 37. axb3 h4 38. e5 Kf7 39. Kf5 Ke7 40. Ke4 Ke6 41. Kd4 Kd7 42. Kd5 Ke7 43. e6 Ke8 44. Kd6 Kd8 45. e7+ Ke8 46. b6 Kf7 47. Kd7 1-0

[Event "Pan American-ch School U13"]
[Site "Medellin"]
[Date "2019.11.12"]
[Round "2"]
[White "Olaya, Horacio"]
[Black "Sanchez Aragon, Michael Alejandro"]
[Result "1-0"]
[WhiteElo "1466"]
[BlackElo "1041"]
[PlyCount "53"]
[EventDate "2019.11.12"]
[EventType "swiss"]
[EventRounds "9"]
[EventCountry "COL"]
[SourceTitle "CBM 193 Extra"]
[Source "ChessBase"]
[SourceDate "2020.01.31"]
[SourceVersion "1"]
[SourceVersionDate "2020.01.31"]
[SourceQuality "1"]

1. e4 e5 2. Nf3 Nc6 3. Bc4 Bc5 4. 0-0 Nf6 5. d3 h6 6. Be3 Bb6 7. Nbd2 d6 8. c3 Be6 9. Qc2 Ng4 10. Bxb6 cxb6 11. h3 Bxc4 12. Nxc4 Nf6 13. d4 exd4 14. cxd4 d5 15. exd5 Qxd5 16. Rfe1+ Ne7 17. Re5 Qd7 18. Rae1 Nfg8 19. Qb3 0-0-0 20. a4 Nc6 21. Rc1 Kb8 22. Re2 Nxd4 23. Nxd4 Qxd4 24. Rd2 Qf6 25. Qg3+ Ka8 26. Qc7 Rb8 27. f4 1-0

[Event "Pan American-ch School U13"]
[Site "Medellin"]
[Date "2019.11.12"]
[Round "1"]
[White "Sanchez Aragon, Michael Alejandro"]
[Black "Rodriguez Pantoja, Obel"]
[Result "0-1"]
[WhiteElo "1041"]
[BlackElo "1614"]
[PlyCount "42"]
[EventDate "2019.11.12"]
[EventType "swiss"]
[EventRounds "9"]
[EventCountry "COL"]
[SourceTitle "CBM 193 Extra"]
[Source "ChessBase"]
[SourceDate "2020.01.31"]
[SourceVersion "1"]
[SourceVersionDate "2020.01.31"]
[SourceQuality "1"]

1. e4 c5 2. Nf3 g6 3. d4 cxd4 4. Nxd4 Bg7 5. Be3 Nf6 6. Nc3 Nc6 7. Nxc6 bxc6 8. Bd3 0-0 9. 0-0 d5 10. exd5 cxd5 11. Bb5 Bb7 12. Bc5 Qc7 13. Ba3 Rfd8 14. Ba4 a6 15. Ne2 h5 16. f3 h4 17. Qd4 h3 18. gxh3 Bc8 19. h4 Ng4 20. Qf4 Be5 21. Qg5 Bd4+ 0-1